Ízig - vérig Carmen

Bibliographic Details
Main Author: Zsebik, Ildikó (Author)
Format: Article
Language:Hungarian
Slovak
PhysicalDescription:Fotogr.
ISSN:1335-6631
Subjects:

MARC

LEADER 00000nab a2200000 a 4500
001 vtls001522411
003 SK-MaSNL
005 20260318123716.0
008 050405c20050330xo wrzp 0 0hun
015 |a RVGKPD2005/ 
040 |a RVGKPD  |b slo  |c RVGKPD  |e AACR2 
041 0 |a slo 
044 |a xo  |c SK 
080 |a 782:7.071.2  |2 UDC-MRF-SK2 
100 1 |a Zsebik, Ildikó  |4 aut  |9 840447 
245 1 0 |a Ízig - vérig Carmen  |c Ildikó Zsebik 
300 |b Fotogr. 
600 1 7 |a Abaházi Nagy, Lívia,  |d 1976-   |2 rvgkpd  |9 73194 
650 0 7 |a operní speváci  |2 rvgkpd  |9 2849 
651 7 |a Košice (Slovensko)  |2 rvgkpd  |9 18694 
773 0 |t Szabad Újság  |g Évf. XIII, sz. 13 (30.03.2005), o. 11  |x 1335-6631 
852 |a RVGKPD  |b KIS3GCP 
992 |a RBX 
999 |c 2652795  |d 2654725